Automobiles that begin with X - Statistics

General Stats
  • This quiz has been taken 11 times
  • The average score is 10 of 18
Answer Stats
Manufacturer Type Answer % Correct
BMW Compact luxury crossover X3
100%
BMW Mid-size luxury crossover X5
100%
BMW Full-size luxury crossover X7
100%
BMW Subcompact luxury crossover X1
90%
BMW Subcompact luxury crossover X2
90%
BMW Compact luxury crossover X4
90%
BMW Mid-size luxury crossover X6
90%
Subaru Sports car XT
70%
Volvo Compact luxury crossover XC60
60%
Volvo Mid-size luxury crossover XC90
60%
Volvo Subcompact luxury crossover XC40
50%
Nissan Compact crossover X-Trail
40%
Nissan Compact SUV Xterra
30%
Mazda Mid-size luxury car Xedos 6
20%
Hyundai Subcompact car Xcent
10%
Mitsubishi Compact MPV Xpander
10%
Mitsubishi Subcompact crossover SUV Xforce
0%
Suzuki Mid-size crossover XL-7
0%
No matching quizzes found
Score Distribution
Percent of People with Each Score
Percentile by Number Answered
Your Score History
You have not taken this quiz